000 01588cam a2200337 i 4500
001 18627
003 CO-MdFUSB
005 20220622124209.0
008 220622t2003 sp ||||| |||| 00| 0 spa d
020 _a8430108130
040 _bspa.
_aCO-MdFUSB
_cCO-MdFUSB
_dCO-MdFUSBC
_erda
041 _aspa
082 0 4 _a225.3
_bC6729e
100 1 _aCoenen, Lothar
245 1 0 _aDiccionario teológico del Nuevo Testamento / Lothar Coenen, Erich Beyreuther & Hans Bietenhard ; Edición preparada por Mario Sala & Araceli Herrera
_c/
250 _aQuinta edición
264 1 _aSalamanca, España :
_bEdiciones Sígueme,
_c[2003]
264 4 _c© 2003
300 _aVolumen I: 878 páginas. Volumen II: 864 páginas
_c;
336 _2rdacontent
_atexto
_btxt
337 _2rdamedia
_asin mediación
_bn
338 _2rdacarrier
_avolumen
_bnc
500 _aTítulo original en alemán: Theologisches Begriffslexikon zum Neuen Testament
501 _apasta dura
505 _aLa obra consta de dos volúmenes y en ella han colaborado 98 exegetas. Aúna los resultados de los estudios bíblicos más recientes con la praxis de las comunidades cristianas. El volumen I contiene las voces de «Abrahán¿ a «Luz¿ El segundo volumen, además de las voces restantes (de «Llamada¿ a «Yo soy¿), incluye el índice general, el índice de términos castellanos, el índice de términos del apartado «Para la praxis pastoral¿ y el índice de términos griegos.
653 _aDiccionario
653 _aNuevo Testamento
653 _aTeología
942 _cBK
945 _aestudiante
999 _c45043
_d45043